Artists and places (Record no. 80161)
[ view plain ]
| 000 -LEADER | |
|---|---|
| fixed length control field | 01122cad a22002055a 4500 |
| 001 - CONTROL NUMBER | |
| control field | L143384 |
| 008 - FIXED-LENGTH DATA ELEMENTS--GENERAL INFORMATION | |
| fixed length control field | 080501e20080424xxka f 000 0 eng d |
| 022 ## - INTERNATIONAL STANDARD SERIAL NUMBER | |
| International Standard Serial Number | 9781846330209 |
| 035 ## - SYSTEM CONTROL NUMBER | |
| System control number | (Sirsi) u143384 |
| 041 0# - LANGUAGE CODE | |
| Language code of text/sound track or separate title | eng |
| 110 2# - MAIN ENTRY--CORPORATE NAME | |
| Corporate name or jurisdiction name as entry element | Commission for Architecture and the Built Environment |
| 9 (RLIN) | 4058 |
| 245 00 - TITLE STATEMENT | |
| Title | Artists and places |
| Remainder of title | engaging creative minds in regeneration |
| Medium | [electronic resource] |
| 260 ## - PUBLICATION, DISTRIBUTION, ETC. | |
| Place of publication, distribution, etc. | London |
| Name of publisher, distributor, etc. | CABE |
| Date of publication, distribution, etc. | 2008 |
| 520 ## - SUMMARY, ETC. | |
| Summary, etc. | Suggests ways in which regeneration schemes can be organised to increase the attractiveness of the places they create. Aims to provide developers and clients with practical advice on how to include artists and creativity in the design process. Argues that technical specifications have often overshadowed artistic concerns in regeneration projects. Examines six case studies in detail and considers lessons which can be learned from these. |
| 590 ## - LOCAL NOTE (RLIN) | |
| Local note | KA |
| 651 #4 - SUBJECT ADDED ENTRY--GEOGRAPHIC NAME | |
| Geographic name | United Kingdom |
| Chronological subdivision | |
| 690 ## - LOCAL SUBJECT ADDED ENTRY--TOPICAL TERM (OCLC, RLIN) | |
| Topical term or geographic name as entry element | PROPERTY-PROPERTY MANAGEMENT-REGENERATION |
| 856 40 - ELECTRONIC LOCATION AND ACCESS | |
| Uniform Resource Identifier | <a href="https://www.cabe.org.uk/files/artists-and-places.pdf">https://www.cabe.org.uk/files/artists-and-places.pdf</a> |
| Public note | View the item free of charge at www.cabe.org.uk |
| 942 ## - ADDED ENTRY ELEMENTS (KOHA) | |
| Suppress in OPAC | 0 |
| Withdrawn status | Lost status | Source of classification or shelving scheme | Damaged status | Not for loan | Home library | Current library | Shelving location | Date acquired | Total Checkouts | Full call number | Barcode | Date last seen | Copy number | Price effective from | Koha item type |
|---|---|---|---|---|---|---|---|---|---|---|---|---|---|---|---|
| Dewey Decimal Classification | London | London | Journal article | 01/05/2008 | ONLINE PUBLICATION | 143384-1001 | 06/08/2019 | 1 | 06/08/2019 | Journal article |